| 000 | 00608nam a2200205 a 4500 | ||
|---|---|---|---|
| 001 | 000022703 | ||
| 005 | 20240305135410.0 | ||
| 008 | 100818s1997 sp 000 f spa d | ||
| 020 | _a8401242266 | ||
| 040 |
_aDO-SdBNP _bspa _cBNPHU |
||
| 082 |
_aC863.44 _bG216ci, 1997 |
||
| 100 | 1 |
_aGarcía Márquez, Gabriel, _b1928-2014 _91804 |
|
| 245 | 1 | 0 |
_aCien años de soledad / _cGabriel García Márquez. |
| 260 |
_aBarcelona : _bPlaza & Janés, _c1997. |
||
| 300 |
_a494 p. ; _c18 cm. |
||
| 650 | 4 |
_aNovela colombiana _91243 |
|
| 650 | 4 |
_aLiteratura colombiana _ySIGLO XX _914409 |
|
| 910 | _aWM | ||
| 049 | _aBNGR | ||
| 999 |
_c22200 _d22200 |
||